| 000 | 00684nam a22002057a 4500 | ||
|---|---|---|---|
| 003 | KOHA_MİRAKIL | ||
| 005 | 20260330103010.0 | ||
| 008 | 260330b tu ||||| |||| 00| 0 tur d | ||
| 020 | _a9786055411411 | ||
| 040 |
_aTR-AnABB _btur _cTR-AnABB |
||
| 041 | _atur | ||
| 082 |
_a327.7 _bZAK 2013 |
||
| 100 | 1 | _aZakarıa, Faraed | |
| 245 | 1 | 0 |
_apost- Amerikan dünya / _cFareed Zakarıa Türkçesi : Meral Öztoprak Sağır, Eren Sağır |
| 260 |
_aİstanbul : _bKırmızı yayınları, _c2013 |
||
| 500 | _açeviren imzalı | ||
| 650 | 0 | 4 | _aUluslararası ilişkiler, Amerika |
| 700 | 1 |
_aFareed Zakarıa _eMeral Öztoprak Sağır , Eren Sağır _93181 |
|
| 942 |
_2ddc _cBK |
||
| 999 |
_c10071 _d10071 |
||
| 900 | _bCem ÖZOGLU | ||